Music Quiz

Random Music or Company Quiz

ITunes vs Amazon Quiz Stats

 Plays Quiz Updated Nov 2, 2021

     
Support Sporcle.
Go Orange.
Score 0/50 Timer 06:00
0 Plays Today
company Song % Correct
iTunesI Kissed a Girl
88.5%
AmazonI Kissed A Girl
88.5%
iTunesViva la Vida
73.7%
AmazonViva la Vida
73.7%
iTunesBleeding Love
72.8%
AmazonBleeding Love
72.8%
iTunesI'm Yours
63.4%
AmazonI'm Yours
63.4%
iTunesLow
63.1%
AmazonLow
63.1%
iTunesHot N Cold
57.9%
iTunesLove Song
56.6%
iTunesPaper Planes (Blaqstarr Remix)
55.4%
iTunes4 Minutes
54.6%
Amazon4 Minutes
54.6%
iTunesNo Air
52.9%
iTunesDisturbia
50.3%
AmazonDisturbia
50.3%
iTunesShake It
44.7%
iTunesLollipop
41.1%
AmazonLollipop
41.1%
iTunesSo What
38.8%
AmazonSo What
38.8%
iTunesForever
33.4%
AmazonForever
33.4%
company Song % Correct
AmazonMercy
29.8%
iTunesNo One
27.2%
iTunesWhatever You Like
26.6%
iTunesLove In This Club
26.4%
AmazonLove In This Club
26.4%
iTunesPocketful Of Sunshine
23.4%
AmazonPocketful Of Sunshine
23.4%
iTunesStop and Stare
22.9%
iTunesSee You Again
22.7%
iTunesTake a Bow
22.1%
AmazonTake a Bow
22.1%
AmazonWhen I Grow Up
21.8%
AmazonHandlebars
21.1%
AmazonBurnin' Up
20.8%
AmazonLeavin'
18.7%
iTunesSexy Can I
18.6%
iTunesWith You
17%
AmazonNew Soul
16.6%
AmazonSorry
16%
AmazonCloser
15.9%
iTunesDon’t Stop the Music
15.8%
AmazonTouch My Body
12.7%
AmazonThe Time Of My Life
8.8%
AmazonI Will Possess Your Heart
5.8%
AmazonIt's Not My Time
5.1%

From the Vault

It's Good to Be in Charge

by SporcleEXP

History 6m
For the record, we think kings are way cooler than emperors.
Remove Ads.
Support Sporcle.
Get the best of Sporcle when you Go Orange. This ad-free experience offers more features, more stats, and more fun while also helping to support Sporcle. Thank you for becoming a member.

Show Comments

Extras

Top Quizzes Today


Score Distribution

Your Account Isn't Verified!

In order to create a playlist on Sporcle, you need to verify the email address you used during registration. Go to your Sporcle Settings to finish the process.

Report this User

Report this user for behavior that violates our Community Guidelines.

Details: